00560 2200217 4500001002100000005001800021008004100039020001800080035002400098040001200122082001100134090001800145100001200163245004400175250001100219260003400230300002900264650001800293850001200311990001900323YOGYA-0211000000673420110210124826626 ind  a979-533-145-0 0010-021100000006734 aYOPDYOG a621.31 a621.31bSum M aSUMANTO aMotor listrik arus bolak-balikcSumanto aCet. 1 aYogyakartabAndi Offsetc1993 av, 167 hlm.;ilus.;21 cm. aMotor listrik aYOPDYOG a101001-P/97b1